Loading...
| Science - Other | 0 | 4 | 1 | 1 | 35 | 95 | 109.75 | 0 | 0 | 0.00 | 0.00 |
| Science - Physics | 0 | 4 | 2 | 1 | 30 | 102 | 121.00 | 0 | 1 | 0.00 | 0.00 |
| Science - Chemistry | 0 | 2 | 0 | 1 | 20 | 123 | 128.50 | 0 | 0 | 0.00 | 0.00 |
| Social Science | 0 | 2 | 0 | 0 | 20 | 88 | 94.00 | 0 | 0 | 0.00 | 0.00 |
| Other Academic | 0 | 1 | 0 | 0 | 10 | 108 | 108.00 | 0 | 0 | 0.00 | 0.00 |
| Current Events | 0 | 1 | 0 | 0 | 10 | 105 | 105.00 | 0 | 0 | 0.00 | 0.00 |
| Religion | 0 | 1 | 0 | 0 | 10 | 67 | 67.00 | 0 | 1 | 0.00 | 0.00 |
| Philosophy | 0 | 1 | 0 | 0 | 10 | 103 | 103.00 | 0 | 0 | 0.00 | 0.00 |
| Fine Arts - Painting & Sculpture | 0 | 1 | 0 | 0 | 10 | 99 | 99.00 | 0 | 0 | 0.00 | 0.00 |
| Geography | 0 | 1 | 0 | 1 | 10 | 136 | 136.00 | 0 | 0 | 0.00 | 0.00 |
| History - World | 0 | 1 | 0 | 0 | 10 | 139 | 139.00 | 0 | 0 | 0.00 | 0.00 |